000 00949nam a2200241Ia 4500
003 BUBTL
008 151213s9999 xx 000 0 und d
020 _a9848470131
041 _aবাংলা
082 _2৪র্থ সং
_a343.043/ Sa191f/ 2010
100 _aসাহা, বিপ্লব কুমার
_95793
245 _aরাজস্ব আইন /
_cবিপ্লব কুমার সাহা ও এ. টি. এম. মোরশেদ আলম
250 _a৪র্থ সং
260 _aঢাকা :
_bবাংলদেশ ’ল’ বুক কোম্পানী,
_cc2010
300 _a351 p. :
_bill. ; 20 cm.
526 _aLaw
650 0 _aLaw
_92126
650 _a
700 _aবিপ্লব কুমার সাহা ও এ. টি. এম. মোরশেদ আলম
_95794
856 _k0
_l0
_yDownload
942 _2ddc
_cBK
999 _c4068
_d4068